MARC

LEADER 00000nam0a2200000 4500
001 677854
005 20241224112845.0
035 |a (RuTPU)RU\TPU\book\348707 
090 |a 677854 
100 |a 20241224d1970 k||y0rusy50 ca 
101 0 |a rus 
102 |a RU 
105 |a a z 001yy 
181 0 |a i   |b  e  
182 0 |a n 
183 0 |a nc  |2 RDAcarrier 
200 1 |a Совершенствование карьерного транспорта  |e [сборник]  |f Институт горного дела; отв. ред. В. Л. Яковлев, С. Л. Фесенко 
203 |a Текст  |b визуальный  |c непосредственный 
210 |a Свердловск  |c Уральский рабочий  |d 1970 
215 |a 164 с.  |c ил. 
225 1 |a Труды института горного дела  |v Вып. 30 
283 |a volume  |2 RDAcarrier 
320 |a Библиография в конце статей 
606 1 |a Карьерный транспорт  |9 40479 
610 1 |a полезные ископаемые 
610 1 |a открытая разработка 
610 1 |a развитие 
610 1 |a математическое моделирование 
610 1 |a думпкары 
610 1 |a конвейерный транспорт 
610 1 |a автомобили 
610 1 |a оптимальное планирование 
610 1 |a скиповой подъем 
675 |a 622.68  |v 4 
702 |a Яковлев  |b В. Л.  |4 340 
702 |a Фесенко  |b С. Л.  |4 340 
712 0 2 |a Институт горного дела  |c (Свердловск)  |c (1962-1994)  |9 28110 
801 1 |a RU  |b 63413507  |c 20241220 
801 2 |a RU  |b 63413507  |c 20200625  |g RCR 
830 |a Ретро2024Продолжающиеся 
850 |a 63413507 
942 |c CR